| 000 | 00368nam a2200157Ia 4500 | ||
|---|---|---|---|
| 005 | 20250430042718.0 | ||
| 008 | 240331s9999 xx 000 0 und d | ||
| 020 | _a9559739778 | ||
| 082 |
_bWET _a891 |
||
| 100 | _aWeththasinghe,S | ||
| 245 | 0 | _aRasawathie | |
| 260 |
_aMahargama _bTranchi Printers _c2004 |
||
| 300 | _a90 p ., | ||
| 650 | _aShort Stories | ||
| 942 | _cL | ||
| 999 |
_c4958 _d4958 |
||